| 000 | 02585cam a22005054i 4500 | ||
|---|---|---|---|
| 003 | PE-LiUPU | ||
| 005 | 20250731173349.0 | ||
| 008 | 150706s r 000 0 d | ||
| 020 | _a9788425424816 | ||
| 035 | _a(Sirsi) i9788425424816 | ||
| 040 |
_aPE-LiUPU _bspa _cPE-LiUPU _erda |
||
| 049 | _aPRUA | ||
| 082 | 0 | 4 |
_a220.601 _bP23 _221 |
| 100 | 1 |
_aPanikkar, Raimon, _eautor. |
|
| 245 | 1 | 0 |
_aMito, fe y hermenéutica / _cRaimon Panikkar. |
| 264 | 1 |
_aBarcelona : _bHerder, _c2007. |
|
| 300 |
_a479 páginas ; _c25 centímetros |
||
| 336 |
_atext _2rdacontent |
||
| 337 |
_aunmediated _2rdamedia |
||
| 338 |
_avolume _2rdacarrier |
||
| 500 | _aTraducción de: Mito, Fede ed Ermeneutica. | ||
| 504 | _aIncluye bibliografía. | ||
| 505 | 0 | _aEl mito -- Tolerancia, Ideología y mito -- Moralidad y mito. -La moral del mito y el mito de la moral -- El mito de prajapati. La culpa originante o la inmolación creadora -- Sunahsepa: un mito sobre la condición humna -- Mito e historia -- La historia de Sunahsepa -- El mito de la condición humana -- La Fe -- La Fe como dimensión constitutiva del hombre -- El estado de la cuestión -- Los tres aspectos de la Fe -- La Fe como invariante humano -- Excursus sobre la buena Fe -- Testimonio y diálogo -- El silencio de la palabra -- Advaita y Bhakti: un diálogo Hindú-cristiano -- La experiencia suprema: las vías de Oriente y Occidente -- La hermenéutica -- Metateología como teología fundamental -- La tradición filosófica -- El Dios del Ser y el Ser de Dios. Religión y Ateísmo -- La ley del Karman y la dimensión histórica del hombre -- El sujeto de la infalibilidad. Solipsismo y verificación -- Hermenéutica de la libertad religiosa: la religión como libertad. | |
| 526 | _aSEG42 | ||
| 526 | _aSEG41 | ||
| 526 | _aSEG40 | ||
| 526 | _aSEG39 | ||
| 526 | _aP94 | ||
| 526 | _aP87 | ||
| 526 | _aP86 | ||
| 526 | _aP85 | ||
| 526 | _aP77 | ||
| 526 | _aP76 | ||
| 526 | _aP35 | ||
| 541 | _g030-0009344; | ||
| 650 | 0 | 4 |
_aFe. _93098 |
| 650 | 0 | 4 |
_aHermenéutica. _9310 |
| 650 | 0 | 4 | _aMito. |
| 910 |
_agl _bjv _clch _d20100212 |
||
| 942 |
_2ddc _cBOOK |
||
| 949 |
_a220.601 P23 _wDEWEY _c1 _i60949 _lCCODEBUL1 _mBUL _p48.00 _r0 _sY _tBOOK _u2015-7-6 _xTEOLOGIA _zUNKNOWN _0COMPRA _o.STAFF. Colección General |
||
| 994 |
_aC0 _bPEPRU |
||
| 596 | _a1 | ||
| 999 |
_a220.601 P23 _wDEWEY _c50300 _i60949 _d50300 _f2021-11-9 _g5 _lCCODEBUL1 _mBUL _p48.00 _q2 _r0 _sY _tBOOK _u2015-7-6 _xTEOLOGIA _zUNKNOWN _0COMPRA _o.STAFF. Colección General |
||
| 980 |
_81 _gALBERTO SANCHEZ Responsable de Automatización |
||